Guess the Movie by the Crime - Statistics

General Stats
  • This quiz has been taken 76 times
  • The average score is 5 of 11
Answer Stats
Hint Answer % Correct
Child neglected and left home during burglary Home Alone
83%
Young boy harbours alien fugitive ET
80%
An oddly specific amount of puppies are stolen 101 Dalmatians
75%
Team of skilled criminals heist a casino Oceans 11
70%
Masked man with mommy issues kills teenage camp-goers Friday the 13th
64%
German terrorists take an entire office building hostage Die Hard
58%
Man leaves car on the road during traffic jam, assaults store owner Falling Down
26%
American soldiers shoot German soldiers who have surrendered Saving Private Ryan
22%
Man plays obscure music, kills houseguest American Psycho
17%
Child assaulted by group of skeletons Karate Kid
6%
Two children commit identity theft It Takes Two
4%
No matching quizzes found
Score Distribution
Percent of People with Each Score
Percentile by Number Answered
Your Score History
You have not taken this quiz